Noche en vela /
Guardado en:
| Autor principal: | |
|---|---|
| Formato: | Desconocido |
| Lenguaje: | Spanish |
| Publicado: |
San José, Costa Rica:
Editorial Costa Rica,
1967.
|
| Materias: | |
| Etiquetas: |
Agregar Etiqueta
Sin Etiquetas, Sea el primero en etiquetar este registro!
|
MARC
| LEADER | 000000000a22000000004500 | ||
|---|---|---|---|
| 001 | 001577 | ||
| 008 | 141217s1967 cr |r|||| 000 f spa d | ||
| 041 | 0 | |a español | |
| 082 | |a CR863.4 |b R845n 1967 | ||
| 100 | 1 | |a Rothe de Vallbona, Rima Gretel |d 1931- | |
| 245 | 1 | 0 | |a Noche en vela / |c Rima de Vallbona |
| 260 | |a San José, Costa Rica: |b Editorial Costa Rica, |c 1967. | ||
| 300 | |a 239 páginas | ||
| 650 | 4 | |a LITERATURA COSTARRICENSE |v NOVELA | |
| 942 | |2 ddc |c BK | ||
| 999 | |c 2539 |d 2539 | ||
